Sobre la Miseria de lo Bello : Estudio Sobre Literatura y Arte /

Gespeichert in:
Bibliographische Detailangaben
1. Verfasser: Firvente, Rainer
Format: Unbekannt
Sprache:Spanish
Veröffentlicht: España : Editorial GEDISA, 1992.
Schlagworte:
Tags: Tag hinzufügen
Keine Tags, Fügen Sie den ersten Tag hinzu!

MARC

LEADER 000000000a22000000004500
001 003036
020 |a 8474324394 
041 0 |a spa 
082 0 4 |a 701   |b G886s 
100 1 |a Firvente, Rainer 
245 1 0 |a Sobre la Miseria de lo Bello :   |b Estudio Sobre Literatura y Arte /   |c Rainer Firvente. 
260 1 |a España :   |b Editorial GEDISA,   |c 1992. 
300 |a 255 páginas 
650 4 |a ARTE MODERNO 
650 4 |a ARTE Y LITERATURA 
999 |c 9352  |d 9352 
942 |c BK  |h 701 G886s  |2 z